Statistiques concernant Les footballeurs brésiliens en 2024 (image)

Cliquez ici pour prendre le quiz!

Statistiques générales

  • Ce quiz a été pris 145 fois
    (80 depuis la dernière actualisation)
  • Le résultat moyen est 17 sur 20

Statistiques - réponses

Réponse% Correct
Vinicius
100%
Alisson
99%
Casemiro
99%
Neymar
99%
Thiago Silva
99%
Éder Militão
97%
Ederson
97%
Gabriel Jesus
96%
Lucas Paqueta
96%
Marquinhos
96%
Rodrygo
96%
Fabinho
91%
Richarlison
90%
Raphinha
87%
Gabriel Martinelli
83%
Gabriel
78%
Bruno Guimaraes
71%
Geirson Bremer
70%
Danilo
58%
Joelinton
51%

Distribution des résultats

Percentile par nombre de réponses

% des personnes avec chaque résultat

Votre développement - résultats

Vous n’avez pas pris ce quiz depuis la dernière actualisation